The adventures of Mary Kate and Ashley : (Record no. 8069)
[ view plain ]
| 000 -LEADER | |
|---|---|
| fixed length control field | 00568nam a22001937a 4500 |
| 003 - CONTROL NUMBER IDENTIFIER | |
| control field | OSt |
| 005 - DATE AND TIME OF LATEST TRANSACTION | |
| control field | 20160715173537.0 |
| 008 - FIXED-LENGTH DATA ELEMENTS--GENERAL INFORMATION | |
| fixed length control field | 130729t xxu||||| |||| 00| 0 eng d |
| 020 ## - INTERNATIONAL STANDARD BOOK NUMBER | |
| International Standard Book Number | 0590862316 |
| 050 ## - LIBRARY OF CONGRESS CALL NUMBER | |
| Classification number | PZ 7 |
| Item number | .K94 1996 |
| 082 ## - DEWEY DECIMAL CLASSIFICATION NUMBER | |
| Classification number | KF |
| Item number | K93a 1996 |
| 100 ## - MAIN ENTRY--PERSONAL NAME | |
| Personal name | Krulik, Nancy E. |
| 9 (RLIN) | 5586 |
| 245 ## - TITLE STATEMENT | |
| Title | The adventures of Mary Kate and Ashley : |
| Remainder of title | the case of the fun house mystery / |
| Statement of responsibility, etc | Nancy E. Krulik |
| 260 ## - PUBLICATION, DISTRIBUTION, ETC. (IMPRINT) | |
| Place of publication, distribution, etc | Los Angeles, CA : |
| Name of publisher, distributor, etc | Dualstar Publications, |
| Date of publication, distribution, etc | c1996. |
| 300 ## - PHYSICAL DESCRIPTION | |
| Extent | 80 p. |
| Other physical details | col. ill ; |
| Dimensions | 20 cm. |
| 562 ## - COPY AND VERSION IDENTIFICATION NOTE | |
| Number of copies | 1 |
| 942 ## - ADDED ENTRY ELEMENTS (KOHA) | |
| Source of classification or shelving scheme | Library of Congress Classification |
| Koha item type | Books |
| Withdrawn status | Lost status | Source of classification or shelving scheme | Damaged status | Home library | Current library | Shelving location | Date acquired | Total Checkouts | Full call number | Barcode | Date last seen | Copy number | Price effective from | Koha item type |
|---|---|---|---|---|---|---|---|---|---|---|---|---|---|---|
| Library of Congress Classification | Luxembourg Library | Luxembourg Library | Kids Fiction Section | 07/29/2013 | PZ 7 .K94 1996 | 11077 | 05/25/2015 | 1 | 07/29/2013 | Books | ||||
| Library of Congress Classification | Luxembourg Library | Luxembourg Library | Kids Fiction Section | 07/29/2013 | PZ 7 .K94 1996 | 10260 | 05/25/2015 | 1 | 07/29/2013 | Books |